000 01180nam a2200301 i 4500
001 106814
003 ES-MaACL
005 20230906184256.0
007 t|
008 061229s1961 sp ||||1| spa d
080 _a769.4(083.824)
245 0 4 _aLos naipes del Museo Fournier
_b: siglos XVI al XIX : [exposición, Sala del Prado del Ateneo de Madrid, 15 diciembre 1961-7 enero 1962] /
_c[texto, Félix Alfaro Fournier].
260 _aMadrid :
_bEditora Nacional,
_c1961.
300 _a[54] p. :
_bprincipalmente il. n. ;
_c18 cm.
490 1 _aCuadernos de arte. Colección extraordinaria ;
_v7
610 2 7 _aAteneo de Madrid-
_vExposiciones-
_y1960-1969.
_91920
650 1 4 _aNaipes-
_vExposiciones.
_915474
655 7 _2tgfbne
_9193628
_aCatálogos de exposiciones
700 1 _aAlfaro Fournier, Félix.
_919812
710 2 _aAteneo de Madrid.
_bSala del Prado.
_91965
710 2 _aMuseo "Fournier" de Naipes de Alava.
_95878
830 1 _aCuadernos de arte. Colección extraordinaria ;
_v7
_9185320
852 _aES-MaACL
_j2212-F-7;
852 _aES-MaACL
_j2255-F-13;
852 _aES-MaACL
_j2255-F-12.
942 _2udc
999 _c106814
_d106814